Регионална библиотека "Любен Каравелов" - Русе

Трапезата на Тучи (Запис номер 505876)

MARC детайли
000 -Лидер
Лидер 01346nam a2200313 a 4500
003 - Код на организацията, давaща контролен номер
Код на организацията, даваща контролен номер BLK
005 - Дата и час на последна редакция
Дата и час на последна редакция 20250210174258.0
007 - Фиксирано поле за физическо описани
Физическо описание ta
008 - Елементи от данни с фиксирана дължина
Елементи с фиксирана дължина 240314b bu |||||r|||| 00| | bu d
020 ## - Международен стандартен номер на книга ISBN
ISBN 9786192432836
040 ## - Източник на каталожния запис
Код на библиотеката BLK
041 ## - Код за език
Език Български
Език за КДБФ Български
080 ## - УДК
9 (RLIN) 236966
УДК текст Приготвяне на храна(общи въпроси). Рецепти. Готварски книги
УДК код 641.55
УДК – определител (083.12)
УДК – код + определител 641.55(083.12)
084 ## - Класификационен индекс по друга класификация
Авторски знак Турл - Т 93
100 ## - Редна дума - Автор
R(LIN) 490013
Автор Тучи, Стенли
245 ## - Сведения за заглавието
Заглавие Трапезата на Тучи
Авторска отговорност Стенли Тучи, Фелисити Блънт, Кей Плънкет-Хоги ; прев. от англ. Цветелина Лакова
260 ## - Област на издателските данни
9 (RLIN) 209461
Място на издаване София
Име на издателя Прозорец
Година на издаване 2023
Печатница ([Костинброд] : Мултипринт)
300 ## - Физическа характеристика
Брой страници 240 с. : с цв. ил.
Размер 23 см
380 ## - Жанр
Жанр Техника
500 ## - Общи забележки
Обща забележка Ориг. загл.: The Tucci table / Stanley Tucci
650 #0 - Допълнително описание по предмет – тема
9 (RLIN) 241856
Предметна рубрика Готварство - рецепти
700 ## - Други автори (авторска отговорност)
9 (RLIN) 491588
Друг автор Блънт, Фелисити
700 ## - Други автори (авторска отговорност)
9 (RLIN) 491589
Друг автор Плънкет-Хоги, Кей
700 ## - Други автори (авторска отговорност)
9 (RLIN) 389898
Друг автор Лакова, Цветелина Лакова
852 ## - Местоположение
Сигнатура (форматна) Цб 322206
Отдел Хранилище
856 ## - Електронен адрес и достъп
Инструкция (цена за достъп) 0.00
Права за достъп disable
942 ## - АРТИКУЛИ
Вид на библиотечния документ Книги
Скрит в OPAC Не
Koha issues (borrowed), all copies 1
944 ## - СЪЗДАВАНЕ И РЕДАКЦИЯ на ЗАПИСА
Създаване/Редакция
Дата на регистрацията/редакция Геновева Генчева
Служител, извършил регистрацията/редакцията 30531
Номер на служител Цветелина Шанова
999 ## - СИСТЕМНИ КОНТРОЛНИ НОМЕРА
Koha biblionumber 505876
Koha biblioitemnumber 505876
Наличности
Код за отписване Код за изгубен артикул Източник на класификационната схема Код за повреда Коз за рестрикции Код за отдаване Артикулен № Име на библиотеката - собственик Име на библиотеката, в която се намира в момента Статус (Текущо местоположение) Дата на вписване в системата Местоположение - отдел Цена в лева Инвентарен номер Систематично азбучна сигнатура Баркод Цена в евро Служебен тип на артикула
  Не е изгубен Universal Decimal Classification Не е повреден само за читалня ползва се в читалня 941336 Регионална библиотека "Любен Каравелов" Русе Регионална библиотека "Любен Каравелов" Русе Хранилище 2024-03-18 Хранилище 35.00 120000900355 Цб 322206 120000900355 17.90 Книги
  Не е изгубен Universal Decimal Classification Не е повреден   заемане за дома 958252 Регионална библиотека "Любен Каравелов" Русе Регионална библиотека "Любен Каравелов" Русе Заемна - подръчен фонд 2025-01-15 Заемна - подръчен фонд 22.75 120000916842 641/Т 93 С 120000916842 11.63 Книги
Vip Innovations Ltd, Rousse, Bulgaria 2025